[Event "Stay Safe Play From Home 420"]
[Site "Emanuel Lasker Arena"]
[Date "2020.08.30"]
[Round "3"]
[White "M0ises"]
[Black "Padmaesh M K"]
[Result "0-1"]
[WhiteElo "1221"]
[BlackElo "1803"]
[Annotator "NA"]
[PlyCount "78"]
[EventDate "2020.08.30"]
[EventType "swiss (blitz)"]

1. e4 {[%emt 0:00:01]} c5 {[%emt 0:00:01]} 2. Nf3 {[%emt 0:00:01]} Nc6 {[%emt 0:00:01]} 3. Bc4 {[%emt 0:00:00]} e6 {[%emt 0:00:01]} 4. d3 {[%emt 0:00:01]} Nge7 {[%emt 0:00:00]} 5. c3 {[%emt 0:00:01]} g6 {[%emt 0:00:00]} 6. Bg5 {[%emt 0:00:02]} Bg7 {[%emt 0:00:00]} 7. Nbd2 {[%emt 0:00:02]} O-O {[%emt 0:00:01]} 8. O-O {[%emt 0:00:01]} Qb6 {[%emt 0:00:02]} 9. Bxe7 {[%emt 0:00:02]} Nxe7 {[%emt 0:00:01]} 10. d4 {[%emt 0:00:02]} d5 {[%emt 0:00:01]} 11. dxc5 {[%emt 0:00:02]} Qxc5 {[%emt 0:00:00]} 12. Bxd5 {[%emt 0:00:02]} exd5 {[%emt 0:00:01]} 13. exd5 {[%emt 0:00:02]} Qxd5 {[%emt 0:00:01]} 14. Ne4 {[%emt 0:00:02]} Qxd1 {[%emt 0:00:01]} 15. Raxd1 {[%emt 0:00:01]} Bg4 {[%emt 0:00:00]} 16. h3 {[%emt 0:00:01]} Bxf3 {[%emt 0:00:01]} 17. gxf3 {[%emt 0:00:01]} Rfd8 {[%emt 0:00:01]} 18. Rde1 {[%emt 0:00:01]} Nc6 {[%emt 0:00:02]} 19. Ng5 {[%emt 0:00:01]} h6 {[%emt 0:00:02]} 20. Ne4 {[%emt 0:00:04]} Re8 {[%emt 0:00:01]} 21. h4 {[%emt 0:00:02]} Rad8 {[%emt 0:00:03]} 22. Nc5 {[%emt 0:00:01]} Rxe1 {[%emt 0:00:02]} 23. Rxe1 {[%emt 0:00:01]} b6 {[%emt 0:00:00]} 24. Nb7 {[%emt 0:00:01]} Rd7 {[%emt 0:00:02]} 25. b4 {[%emt 0:00:00]} Rxb7 {[%emt 0:00:02]} 26. b5 {[%emt 0:00:00]} Re7 {[%emt 0:00:01]} 27. c4 {[%emt 0:00:00]} Rxe1+ {[%emt 0:00:01]} 28. Kg2 {[%emt 0:00:00]} Nd4 {[%emt 0:00:01]} 29. f4 {[%emt 0:00:02]} Nf5 {[%emt 0:00:03]} 30. Kf3 {[%emt 0:00:01]} Bd4 {[%emt 0:00:01]} 31. h5 {[%emt 0:00:00]} Rf1 {[%emt 0:00:01]} 32. Kg4 {[%emt 0:00:00]} Rxf2 {[%emt 0:00:01]} 33. Kh3 {[%emt 0:00:03]} Rf3+ {[%emt 0:00:02]} 34. Kg2 {[%emt 0:00:00]} Rg3+ {[%emt 0:00:01]} 35. Kh2 {[%emt 0:00:02]} gxh5 {[%emt 0:00:03]} 36. c5 {[%emt 0:00:04]} Bg1+ {[%emt 0:00:02]} 37. Kh1 {[%emt 0:00:01]} Ne3 {[%emt 0:00:01]} 38. a4 {[%emt 0:00:04]} Ng4 {[%emt 0:00:01]} 39. cxb6 {[%emt 0:00:00]} Nf2# {[%emt 0:00:01] (Lag: Av=0.41s, max=1.0s) (Lag: Av=0.41s, max=1.0s) (Lag: Av=0.41s, max=1.0s)} 0-1

[Event "Stay Safe Play From Home 420"]
[Site "Emanuel Lasker Arena"]
[Date "2020.08.30"]
[Round "4"]
[White "Hickey"]
[Black "Tran Minh Thang"]
[Result "0-1"]
[WhiteElo "2327"]
[BlackElo "2520"]
[PlyCount "96"]
[EventDate "2020.08.30"]
[EventType "swiss (blitz)"]

1. Nf3 {[%emt 0:00:02]} Nf6 {[%emt 0:00:01]} 2. g3 {[%emt 0:00:00]} g6 {[%emt 0:00:01]} 3. Bg2 {[%emt 0:00:00]} Bg7 {[%emt 0:00:00]} 4. O-O {[%emt 0:00:00]} O-O {[%emt 0:00:00]} 5. d4 {[%emt 0:00:00]} d5 {[%emt 0:00:00]} 6. c4 {[%emt 0:00:01]} dxc4 {[%emt 0:00:00]} 7. Nc3 {[%emt 0:00:01]} a6 {[%emt 0:00:02]} 8. Ne5 {[%emt 0:00:02]} c5 {[%emt 0:00:00]} 9. dxc5 {[%emt 0:00:01]} Qc7 {[%emt 0:00:01]} 10. Nxc4 {[%emt 0:00:02]} Nbd7 {[%emt 0:00:02]} 11. Bf4 {[%emt 0:00:02]} e5 {[%emt 0:00:03]} 12. Be3 {[%emt 0:00:02]} Ng4 {[%emt 0:00:01]} 13. Bg5 {[%emt 0:00:03]} Qxc5 {[%emt 0:00:02]} 14. Qb3 {[%emt 0:00:04]} h6 {[%emt 0:00:02]} 15. Bc1 {[%emt 0:00:03]} Rb8 {[%emt 0:00:05]} 16. Ne3 {[%emt 0:00:01]} Ndf6 {[%emt 0:00:03]} 17. h3 {[%emt 0:00:02]} Nxe3 {[%emt 0:00:02]} 18. Bxe3 {[%emt 0:00:00]} Qe7 {[%emt 0:00:00]} 19. Rfd1 {[%emt 0:00:01]} Be6 {[%emt 0:00:01]} 20. Qa4 {[%emt 0:00:02]} Bf5 {[%emt 0:00:09]} 21. Qa5 {[%emt 0:00:02]} h5 {[%emt 0:00:02]} 22. Bc5 {[%emt 0:00:02]} Qd8 {[%emt 0:00:00]} 23. Rxd8 {[%emt 0:00:03]} Rfxd8 {[%emt 0:00:00]} 24. Be7 {[%emt 0:00:01]} Re8 {[%emt 0:00:01]} 25. Bxf6 {[%emt 0:00:01]} Bxf6 {[%emt 0:00:00]} 26. Ne4 {[%emt 0:00:01]} Bg7 {[%emt 0:00:00]} 27. Rd1 {[%emt 0:00:02]} Be6 {[%emt 0:00:01]} 28. Nc5 {[%emt 0:00:02]} Bc4 {[%emt 0:00:01]} 29. Nd7 {[%emt 0:00:02]} Rbc8 {[%emt 0:00:01]} 30. Bxb7 {[%emt 0:00:02]} Rcd8 {[%emt 0:00:01]} 31. Bxa6 {[%emt 0:00:01]} Be6 {[%emt 0:00:01]} 32. Bb5 {[%emt 0:00:01]} Kh8 {[%emt 0:00:02]} 33. Ba4 {[%emt 0:00:01]} Re7 {[%emt 0:00:01]} 34. Nc5 {[%emt 0:00:01]} Rxd1+ {[%emt 0:00:01]} 35. Bxd1 {[%emt 0:00:00]} Re8 {[%emt 0:00:04]} 36. Kg2 {[%emt 0:00:01]} Bd5+ {[%emt 0:00:01]} 37. e4 {[%emt 0:00:01]} Bc6 {[%emt 0:00:00]} 38. Ba4 {[%emt 0:00:01]} Bxa4 {[%emt 0:00:00]} 39. Qxa4 {[%emt 0:00:00]} Rc8 {[%emt 0:00:00]} 40. Qd7 {[%emt 0:00:01]} Rxc5 {[%emt 0:00:01]} 41. Qe8+ {[%emt 0:00:00]} Kh7 {[%emt 0:00:00]} 42. Qxf7 {[%emt 0:00:00]} Rc2 {[%emt 0:00:00]} 43. Qd5 {[%emt 0:00:00]} Rxb2 {[%emt 0:00:00]} 44. a4 {[%emt 0:00:00]} Bh6 {[%emt 0:00:01]} 45. a5 {[%emt 0:00:00]} Be3 {[%emt 0:00:01]} 46. Kf3 {[%emt 0:00:00]} Bd4 {[%emt 0:00:01]} 47. Qd7+ {[%emt 0:00:01]} Kh6 {[%emt 0:00:00]} 48. a6 {[%emt 0:00:00]} Rxf2# {[%emt 0:00:00] (Lag: Av=0.84s, max=1.2s) (Lag: Av=0.84s, max=1.2s) (Lag: Av=0.84s, max=1.2s)} 0-1

[Event "Stay Safe Play From Home 420"]
[Site "Emanuel Lasker Arena"]
[Date "2020.08.30"]
[Round "4"]
[White "Stefanone"]
[Black "Ao017545"]
[Result "0-1"]
[WhiteElo "1996"]
[BlackElo "1659"]
[Annotator "NA"]
[PlyCount "78"]
[EventDate "2020.08.30"]
[EventType "swiss (blitz)"]

1. d4 {[%emt 0:00:02]} e5 {[%emt 0:00:01]} 2. e3 {[%emt 0:00:00]} exd4 {[%emt 0:00:00]} 3. exd4 {[%emt 0:00:01]} Nf6 {[%emt 0:00:00]} 4. c3 {[%emt 0:00:00]} d5 {[%emt 0:00:00]} 5. f4 {[%emt 0:00:00]} c5 {[%emt 0:00:01]} 6. Nf3 {[%emt 0:00:00]} cxd4 {[%emt 0:00:02]} 7. cxd4 {[%emt 0:00:01]} Bb4+ {[%emt 0:00:00]} 8. Nc3 {[%emt 0:00:01]} Ne4 {[%emt 0:00:00]} 9. Bd2 {[%emt 0:00:02]} Qe7 {[%emt 0:00:04]} 10. Be2 {[%emt 0:00:01]} Nxd2 {[%emt 0:00:02]} 11. Qxd2 {[%emt 0:00:01]} O-O {[%emt 0:00:01]} 12. O-O {[%emt 0:00:01]} Re8 {[%emt 0:00:00]} 13. Ne5 {[%emt 0:00:01]} f6 {[%emt 0:00:03]} 14. Nf3 {[%emt 0:00:01]} Bxc3 {[%emt 0:00:02]} 15. Qxc3 {[%emt 0:00:01]} Nc6 {[%emt 0:00:03]} 16. Bd3 {[%emt 0:00:02]} Bg4 {[%emt 0:00:01]} 17. Rae1 {[%emt 0:00:01]} Qf7 {[%emt 0:00:02]} 18. Qc2 {[%emt 0:00:01]} Bxf3 {[%emt 0:00:02]} 19. Rxf3 {[%emt 0:00:02]} Rxe1+ {[%emt 0:00:03]} 20. Kf2 {[%emt 0:00:01]} Nxd4 {[%emt 0:00:04]} 21. Qd2 {[%emt 0:00:02]} Nxf3 {[%emt 0:00:02]} 22. gxf3 {[%emt 0:00:00]} Rae8 {[%emt 0:00:02]} 23. Qc3 {[%emt 0:00:02]} Qh5 {[%emt 0:00:01]} 24. Qxe1 {[%emt 0:00:04]} Qh4+ {[%emt 0:00:03]} 25. Kg2 {[%emt 0:00:01]} Qxe1 {[%emt 0:00:00]} 26. Kh3 {[%emt 0:00:00]} Re3 {[%emt 0:00:01]} 27. Bb5 {[%emt 0:00:02]} Rxf3+ {[%emt 0:00:01]} 28. Kg4 {[%emt 0:00:00]} Qf1 {[%emt 0:00:01]} 29. Bxf1 {[%emt 0:00:01]} Rxf1 {[%emt 0:00:02]} 30. Kf5 {[%emt 0:00:00]} Ra1 {[%emt 0:00:01]} 31. a3 {[%emt 0:00:01]} Ra2 {[%emt 0:00:00]} 32. h4 {[%emt 0:00:02]} Rxb2 {[%emt 0:00:00]} 33. h5 {[%emt 0:00:01]} Ra2 {[%emt 0:00:01]} 34. h6 {[%emt 0:00:01]} Kf7 {[%emt 0:00:01]} 35. hxg7 {[%emt 0:00:01]} Kxg7 {[%emt 0:00:00]} 36. Ke6 {[%emt 0:00:01]} h5 {[%emt 0:00:00]} 37. Kxd5 {[%emt 0:00:00]} h4 {[%emt 0:00:00]} 38. Ke4 {[%emt 0:00:00]} h3 {[%emt 0:00:00]} 39. Kf5 {[%emt 0:00:00]} h2 {[%emt 0:00:00] Stefanone abbandona Stefanone abbandona Stefanone abbandona (Lag: Av=0.60s, max=0.9s) (Lag: Av=0.60s, max=0.9s) (Lag: Av=0.60s, max=0.9s)} 0-1

[Event "Stay Safe Play From Home 420"]
[Site "Emanuel Lasker Arena"]
[Date "2020.08.30"]
[Round "4"]
[White "Padmaesh M K"]
[Black "NTBT_DHS"]
[Result "0-1"]
[WhiteElo "1804"]
[BlackElo "2578"]
[PlyCount "56"]
[EventDate "2020.08.30"]
[EventType "swiss (blitz)"]

1. Nf3 {[%emt 0:00:02]} g6 {[%emt 0:00:01]} 2. g3 {[%emt 0:00:03]} Bg7 {[%emt 0:00:00]} 3. Bg2 {[%emt 0:00:00]} Nf6 {[%emt 0:00:00]} 4. d4 {[%emt 0:00:01]} O-O {[%emt 0:00:00]} 5. O-O {[%emt 0:00:01]} d6 {[%emt 0:00:00]} 6. c4 {[%emt 0:00:01]} Nbd7 {[%emt 0:00:00]} 7. Nc3 {[%emt 0:00:01]} e5 {[%emt 0:00:00]} 8. dxe5 {[%emt 0:00:02]} dxe5 {[%emt 0:00:02]} 9. Bg5 {[%emt 0:00:02]} h6 {[%emt 0:00:02]} 10. Bxf6 {[%emt 0:00:02]} Qxf6 {[%emt 0:00:00]} 11. Nd5 {[%emt 0:00:02]} Qd8 {[%emt 0:00:01]} 12. e4 {[%emt 0:00:03]} c6 {[%emt 0:00:01]} 13. Nc3 {[%emt 0:00:01]} Nc5 {[%emt 0:00:01]} 14. Qxd8 {[%emt 0:00:02]} Rxd8 {[%emt 0:00:00]} 15. Rad1 {[%emt 0:00:01]} Bg4 {[%emt 0:00:02]} 16. h3 {[%emt 0:00:02]} Bxf3 {[%emt 0:00:05]} 17. Bxf3 {[%emt 0:00:00]} Ne6 {[%emt 0:00:02]} 18. b3 {[%emt 0:00:02]} Nd4 {[%emt 0:00:01]} 19. Bg2 {[%emt 0:00:01]} Bf8 {[%emt 0:00:02]} 20. Rd3 {[%emt 0:00:01]} Ne2+ {[%emt 0:00:02]} 21. Nxe2 {[%emt 0:00:03]} Rxd3 {[%emt 0:00:00]} 22. Kh2 {[%emt 0:00:01]} Bc5 {[%emt 0:00:01]} 23. f4 {[%emt 0:00:01]} Rd2 {[%emt 0:00:01]} 24. Nc3 {[%emt 0:00:01]} Bd4 {[%emt 0:00:01]} 25. Rc1 {[%emt 0:00:04]} Rd8 {[%emt 0:00:03]} 26. f5 {[%emt 0:00:06]} Bxc3 {[%emt 0:00:03]} 27. Rxc3 {[%emt 0:00:01]} Rxa2 {[%emt 0:00:00]} 28. f6 {[%emt 0:00:02]} Rdd2 {[%emt 0:00:01] Padmaesh M K resigns Padmaesh M K resigns Padmaesh M K resigns (Lag: Av=0.69s, max=1.2s) (Lag: Av=0.69s, max=1.2s) (Lag: Av=0.69s, max=1.2s)} 0-1

[Event "Stay Safe Play From Home 420"]
[Site "Emanuel Lasker Arena"]
[Date "2020.08.30"]
[Round "4"]
[White "W Nelles"]
[Black "Mamba2001de"]
[Result "0-1"]
[WhiteElo "1280"]
[BlackElo "1441"]
[Annotator "NA"]
[PlyCount "50"]
[EventDate "2020.08.30"]
[EventType "swiss (blitz)"]

1. e4 {[%emt 0:00:03]} e6 {[%emt 0:00:01]} 2. Bc4 {[%emt 0:00:03]} d5 {[%emt 0:00:01]} 3. exd5 {[%emt 0:00:04]} exd5 {[%emt 0:00:01]} 4. Qe2+ {[%emt 0:00:04]} Be7 {[%emt 0:00:02]} 5. Bb3 {[%emt 0:00:01]} c5 {[%emt 0:00:02]} 6. Nf3 {[%emt 0:00:01]} c4 {[%emt 0:00:01]} 7. Ba4+ {[%emt 0:00:01]} Bd7 {[%emt 0:00:01]} 8. Bxd7+ {[%emt 0:00:02]} Nxd7 {[%emt 0:00:01]} 9. O-O {[%emt 0:00:01]} Ngf6 {[%emt 0:00:01]} 10. c3 {[%emt 0:00:01]} O-O {[%emt 0:00:02]} 11. Ng5 {[%emt 0:00:02]} h6 {[%emt 0:00:02]} 12. Nh3 {[%emt 0:00:02]} Re8 {[%emt 0:00:01]} 13. Nf4 {[%emt 0:00:03]} Bc5 {[%emt 0:00:01]} 14. Qf3 {[%emt 0:00:02]} Qc7 {[%emt 0:00:04]} 15. d4 {[%emt 0:00:03]} cxd3 {[%emt 0:00:03]} 16. Nxd3 {[%emt 0:00:01]} Bb6 {[%emt 0:00:04]} 17. Bxh6 {[%emt 0:00:03]} gxh6 {[%emt 0:00:02]} 18. Nf4 {[%emt 0:00:04]} Qe5 {[%emt 0:00:08]} 19. Nd2 {[%emt 0:00:04]} Qg5 {[%emt 0:00:03]} 20. Nh3 {[%emt 0:00:05]} Qg6 {[%emt 0:00:02]} 21. Nf4 {[%emt 0:00:03]} Qg7 {[%emt 0:00:01]} 22. Nh5 {[%emt 0:00:01]} Nxh5 {[%emt 0:00:02]} 23. Qxh5 {[%emt 0:00:01]} Nf6 {[%emt 0:00:03]} 24. Qh3 {[%emt 0:00:02]} Ne4 {[%emt 0:00:02]} 25. Nf3 {[%emt 0:00:01]} Rad8 {[%emt 0:00:03] Zeit Zeit Zeit (Lag: Av=0.55s, max=1.1s) (Lag: Av=0.55s, max=1.1s) (Lag: Av=0.55s, max=1.1s)} 0-1

[Event "Stay Safe Play From Home 420"]
[Site "Emanuel Lasker Arena"]
[Date "2020.08.30"]
[Round "4"]
[White "KING o KONG"]
[Black "Didi1"]
[Result "0-1"]
[WhiteElo "940"]
[BlackElo "1431"]
[Annotator "NA"]
[PlyCount "40"]
[EventDate "2020.08.30"]
[EventType "swiss (blitz)"]

1. d3 {[%emt 0:00:02]} e6 {[%emt 0:00:00]} 2. e3 {[%emt 0:00:01]} d5 {[%emt 0:00:01]} 3. b3 {[%emt 0:00:01]} Nf6 {[%emt 0:00:00]} 4. Bb2 {[%emt 0:00:01]} c5 {[%emt 0:00:00]} 5. Be2 {[%emt 0:00:02]} Be7 {[%emt 0:00:00]} 6. Nh3 {[%emt 0:00:02]} O-O {[%emt 0:00:00]} 7. Ng5 {[%emt 0:00:01]} Nc6 {[%emt 0:00:01]} 8. Nxh7 {[%emt 0:00:01]} Kxh7 {[%emt 0:00:02]} 9. Bxf6 {[%emt 0:00:01]} Bxf6 {[%emt 0:00:02]} 10. c3 {[%emt 0:00:01]} Kg8 {[%emt 0:00:03]} 11. Qc2 {[%emt 0:00:03]} Ne5 {[%emt 0:00:03]} 12. Nd2 {[%emt 0:00:02]} d4 {[%emt 0:00:01]} 13. Nf3 {[%emt 0:00:03]} Nxf3+ {[%emt 0:00:02]} 14. Bxf3 {[%emt 0:00:02]} Rb8 {[%emt 0:00:00]} 15. O-O-O {[%emt 0:00:02]} Bd7 {[%emt 0:00:01]} 16. c4 {[%emt 0:00:01]} b5 {[%emt 0:00:02]} 17. e4 {[%emt 0:00:01]} bxc4 {[%emt 0:00:02]} 18. bxc4 {[%emt 0:00:08]} Qa5 {[%emt 0:00:02]} 19. Qd2 {[%emt 0:00:11]} Qa3+ {[%emt 0:00:04]} 20. Kc2 {[%emt 0:00:06]} Ba4# {[%emt 0:00:01] Mate Mate Mate Mate Mate Mate} 0-1

[Event "Stay Safe Play From Home 420"]
[Site "Emanuel Lasker Arena"]
[Date "2020.08.30"]
[Round "5"]
[White "NTBT_DHS"]
[Black "Hickey"]
[Result "1-0"]
[WhiteElo "2579"]
[BlackElo "2319"]
[PlyCount "95"]
[EventDate "2020.08.30"]
[EventType "swiss (blitz)"]

1. e4 {[%emt 0:00:01]} c6 {[%emt 0:00:02]} 2. Nf3 {[%emt 0:00:00]} d5 {[%emt 0:00:00]} 3. exd5 {[%emt 0:00:00]} cxd5 {[%emt 0:00:00]} 4. d4 {[%emt 0:00:00]} Nf6 {[%emt 0:00:01]} 5. h3 {[%emt 0:00:00]} g6 {[%emt 0:00:00]} 6. b3 {[%emt 0:00:01]} Bg7 {[%emt 0:00:00]} 7. Bb2 {[%emt 0:00:01]} O-O {[%emt 0:00:00]} 8. Nbd2 {[%emt 0:00:00]} Nc6 {[%emt 0:00:00]} 9. Bd3 {[%emt 0:00:00]} Bf5 {[%emt 0:00:02]} 10. Bxf5 {[%emt 0:00:01]} gxf5 {[%emt 0:00:00]} 11. O-O {[%emt 0:00:00]} Ne4 {[%emt 0:00:00]} 12. Re1 {[%emt 0:00:01]} e6 {[%emt 0:00:02]} 13. a3 {[%emt 0:00:02]} Kh8 {[%emt 0:00:01]} 14. c4 {[%emt 0:00:01]} Rg8 {[%emt 0:00:01]} 15. Nf1 {[%emt 0:00:03]} dxc4 {[%emt 0:00:01]} 16. bxc4 {[%emt 0:00:01]} Qd7 {[%emt 0:00:00]} 17. Qc2 {[%emt 0:00:02]} Rad8 {[%emt 0:00:05]} 18. d5 {[%emt 0:00:02]} exd5 {[%emt 0:00:05]} 19. Bxg7+ {[%emt 0:00:00]} Rxg7 {[%emt 0:00:00]} 20. cxd5 {[%emt 0:00:03]} Qxd5 {[%emt 0:00:00]} 21. Ne3 {[%emt 0:00:00]} Qe6 {[%emt 0:00:01]} 22. Nxf5 {[%emt 0:00:01]} Qxf5 {[%emt 0:00:00]} 23. Qxe4 {[%emt 0:00:03]} Qxh3 {[%emt 0:00:03]} 24. Qe8+ {[%emt 0:00:06]} Rg8 {[%emt 0:00:03]} 25. Ng5 {[%emt 0:00:03]} Qxg2+ {[%emt 0:00:06]} 26. Kxg2 {[%emt 0:00:01]} Rdxe8 {[%emt 0:00:00]} 27. Rxe8 {[%emt 0:00:02]} Rxe8 {[%emt 0:00:00]} 28. Rh1 {[%emt 0:00:00]} Kg8 {[%emt 0:00:05]} 29. Nxh7 {[%emt 0:00:03]} Re6 {[%emt 0:00:01]} 30. f4 {[%emt 0:00:02]} Rg6+ {[%emt 0:00:00]} 31. Kf2 {[%emt 0:00:01]} Kg7 {[%emt 0:00:03]} 32. Ng5 {[%emt 0:00:01]} Ne5 {[%emt 0:00:01]} 33. Rh7+ {[%emt 0:00:02]} Kg8 {[%emt 0:00:01]} 34. Rh5 {[%emt 0:00:01]} Nc4 {[%emt 0:00:02]} 35. Kf3 {[%emt 0:00:01]} Nxa3 {[%emt 0:00:02]} 36. f5 {[%emt 0:00:00]} Rf6 {[%emt 0:00:00]} 37. Ne4 {[%emt 0:00:00]} Rc6 {[%emt 0:00:01]} 38. f6 {[%emt 0:00:00]} Nc4 {[%emt 0:00:01]} 39. Rd5 {[%emt 0:00:01]} Rc8 {[%emt 0:00:02]} 40. Kf4 {[%emt 0:00:02]} b5 {[%emt 0:00:00]} 41. Rxb5 {[%emt 0:00:01]} a6 {[%emt 0:00:01]} 42. Rb7 {[%emt 0:00:01]} a5 {[%emt 0:00:01]} 43. Ng5 {[%emt 0:00:01]} Rf8 {[%emt 0:00:01]} 44. Rb3 {[%emt 0:00:01]} Nd6 {[%emt 0:00:00]} 45. Rg3 {[%emt 0:00:01]} Ne8 {[%emt 0:00:00]} 46. Ne4+ {[%emt 0:00:01]} Kh8 {[%emt 0:00:01]} 47. Kf5 {[%emt 0:00:00]} Nxf6 {[%emt 0:00:02]} 48. Rh3+ {[%emt 0:00:00] Time Time Time (Lag: Av=0.87s, max=2.0s) (Lag: Av=0.87s, max=2.0s) (Lag: Av=0.87s, max=2.0s)} 1-0

[Event "Stay Safe Play From Home 420"]
[Site "Emanuel Lasker Arena"]
[Date "2020.08.30"]
[Round "5"]
[White "Tran Minh Thang"]
[Black "Stefanone"]
[Result "1-0"]
[WhiteElo "2528"]
[BlackElo "1966"]
[PlyCount "37"]
[EventDate "2020.08.30"]
[EventType "swiss (blitz)"]

1. Nf3 {[%emt 0:00:01]} d5 {[%emt 0:00:01]} 2. e3 {[%emt 0:00:00]} c6 {[%emt 0:00:00]} 3. b3 {[%emt 0:00:00]} e6 {[%emt 0:00:00]} 4. Bb2 {[%emt 0:00:00]} f5 {[%emt 0:00:01]} 5. c4 {[%emt 0:00:00]} Nf6 {[%emt 0:00:01]} 6. d4 {[%emt 0:00:00]} Bd6 {[%emt 0:00:01]} 7. Bd3 {[%emt 0:00:00]} Ne4 {[%emt 0:00:01]} 8. Nbd2 {[%emt 0:00:01]} O-O {[%emt 0:00:03]} 9. O-O {[%emt 0:00:01]} Qf6 {[%emt 0:00:01]} 10. Ne5 {[%emt 0:00:01]} Nd7 {[%emt 0:00:03]} 11. f4 {[%emt 0:00:04]} Bxe5 {[%emt 0:00:04]} 12. fxe5 {[%emt 0:00:01]} Qe7 {[%emt 0:00:00]} 13. Nxe4 {[%emt 0:00:02]} dxe4 {[%emt 0:00:00]} 14. Be2 {[%emt 0:00:01]} c5 {[%emt 0:00:01]} 15. a4 {[%emt 0:00:02]} b6 {[%emt 0:00:01]} 16. a5 {[%emt 0:00:01]} Bb7 {[%emt 0:00:01]} 17. a6 {[%emt 0:00:01]} Bc8 {[%emt 0:00:03]} 18. d5 {[%emt 0:00:01]} exd5 {[%emt 0:00:01]} 19. Qxd5+ {[%emt 0:00:01] Stefanone abbandona Stefanone abbandona Stefanone abbandona (Lag: Av=0.58s, max=0.7s) (Lag: Av=0.58s, max=0.7s) (Lag: Av=0.58s, max=0.7s)} 1-0

[Event "Stay Safe Play From Home 420"]
[Site "Emanuel Lasker Arena"]
[Date "2020.08.30"]
[Round "5"]
[White "Ansari11"]
[Black "KING o KONG"]
[Result "0-1"]
[WhiteElo "1620"]
[BlackElo "938"]
[Annotator "NA"]
[PlyCount "54"]
[EventDate "2020.08.30"]
[EventType "swiss (blitz)"]

1. e4 {[%emt 0:00:03]} e6 {[%emt 0:00:01]} 2. Nf3 {[%emt 0:00:01]} d6 {[%emt 0:00:01]} 3. d4 {[%emt 0:00:00]} b6 {[%emt 0:00:02]} 4. Nc3 {[%emt 0:00:00]} Bb7 {[%emt 0:00:01]} 5. Bd3 {[%emt 0:00:01]} Be7 {[%emt 0:00:04]} 6. Be3 {[%emt 0:00:00]} Nd7 {[%emt 0:00:01]} 7. O-O {[%emt 0:00:00]} c6 {[%emt 0:00:01]} 8. a3 {[%emt 0:00:01]} Qc7 {[%emt 0:00:01]} 9. b4 {[%emt 0:00:01]} a6 {[%emt 0:00:02]} 10. Qd2 {[%emt 0:00:02]} Ngf6 {[%emt 0:00:01]} 11. Bg5 {[%emt 0:00:04]} h6 {[%emt 0:00:02]} 12. Bh4 {[%emt 0:00:02]} g5 {[%emt 0:00:02]} 13. Bg3 {[%emt 0:00:02]} Ng4 {[%emt 0:00:01]} 14. h3 {[%emt 0:00:03]} Ngf6 {[%emt 0:00:05]} 15. e5 {[%emt 0:00:04]} Nh5 {[%emt 0:00:01]} 16. exd6 {[%emt 0:00:03]} Bxd6 {[%emt 0:00:01]} 17. Bxd6 {[%emt 0:00:04]} Qxd6 {[%emt 0:00:01]} 18. Nxg5 {[%emt 0:00:03]} Ng3 {[%emt 0:00:03]} 19. Nge4 {[%emt 0:00:05]} Nxf1 {[%emt 0:00:02]} 20. Nxd6+ {[%emt 0:00:03]} Ke7 {[%emt 0:00:03]} 21. Bxf1 {[%emt 0:00:01]} Rad8 {[%emt 0:00:06]} 22. Nxb7 {[%emt 0:00:03]} Rb8 {[%emt 0:00:02]} 23. Nd6 {[%emt 0:00:04]} Kxd6 {[%emt 0:00:01]} 24. Qf4+ {[%emt 0:00:02]} Ke7 {[%emt 0:00:02]} 25. Re1 {[%emt 0:00:04]} Rhg8 {[%emt 0:00:02]} 26. Bxa6 {[%emt 0:00:02]} Ra8 {[%emt 0:00:02]} 27. d5 {[%emt 0:00:01]} Rxa6 {[%emt 0:00:01] TimeW TimeW TimeW} 0-1

[Event "Stay Safe Play From Home 420"]
[Site "Emanuel Lasker Arena"]
[Date "2020.08.30"]
[Round "5"]
[White "Mamba2001de"]
[Black "Padmaesh M K"]
[Result "1-0"]
[WhiteElo "1450"]
[BlackElo "1803"]
[Annotator "NA"]
[PlyCount "103"]
[EventDate "2020.08.30"]
[EventType "swiss (blitz)"]

1. e4 {[%emt 0:00:01]} c5 {[%emt 0:00:01]} 2. Nf3 {[%emt 0:00:01]} Nc6 {[%emt 0:00:01]} 3. d3 {[%emt 0:00:01]} Nf6 {[%emt 0:00:01]} 4. c3 {[%emt 0:00:01]} e5 {[%emt 0:00:01]} 5. Bg5 {[%emt 0:00:01]} h6 {[%emt 0:00:02]} 6. Bh4 {[%emt 0:00:01]} g5 {[%emt 0:00:01]} 7. Bg3 {[%emt 0:00:01]} d6 {[%emt 0:00:01]} 8. Be2 {[%emt 0:00:01]} Be6 {[%emt 0:00:01]} 9. O-O {[%emt 0:00:01]} Qd7 {[%emt 0:00:01]} 10. Nbd2 {[%emt 0:00:01]} Be7 {[%emt 0:00:04]} 11. d4 {[%emt 0:00:00]} cxd4 {[%emt 0:00:02]} 12. cxd4 {[%emt 0:00:01]} Nxd4 {[%emt 0:00:01]} 13. Nxd4 {[%emt 0:00:01]} exd4 {[%emt 0:00:00]} 14. Nb3 {[%emt 0:00:01]} Nxe4 {[%emt 0:00:02]} 15. Nxd4 {[%emt 0:00:02]} Nxg3 {[%emt 0:00:01]} 16. hxg3 {[%emt 0:00:01]} O-O {[%emt 0:00:01]} 17. Nxe6 {[%emt 0:00:01]} Qxe6 {[%emt 0:00:01]} 18. Bg4 {[%emt 0:00:01]} f5 {[%emt 0:00:03]} 19. Re1 {[%emt 0:00:01]} Qf6 {[%emt 0:00:02]} 20. Bh5 {[%emt 0:00:01]} Rfd8 {[%emt 0:00:06]} 21. Qd5+ {[%emt 0:00:01]} Kg7 {[%emt 0:00:01]} 22. Re6 {[%emt 0:00:01]} Qf8 {[%emt 0:00:02]} 23. Rae1 {[%emt 0:00:01]} Rd7 {[%emt 0:00:01]} 24. Qd4+ {[%emt 0:00:01]} Bf6 {[%emt 0:00:02]} 25. Qd5 {[%emt 0:00:01]} Rc8 {[%emt 0:00:04]} 26. b3 {[%emt 0:00:01]} Rcc7 {[%emt 0:00:01]} 27. Qf3 {[%emt 0:00:05]} Rc3 {[%emt 0:00:02]} 28. Qxf5 {[%emt 0:00:01]} Rc5 {[%emt 0:00:02]} 29. Qg6+ {[%emt 0:00:01]} Kh8 {[%emt 0:00:01]} 30. Rxf6 {[%emt 0:00:02]} Qg8 {[%emt 0:00:01]} 31. Qxh6+ {[%emt 0:00:01]} Qh7 {[%emt 0:00:01]} 32. Qxh7+ {[%emt 0:00:01]} Kxh7 {[%emt 0:00:00]} 33. Rg6 {[%emt 0:00:01]} g4 {[%emt 0:00:02]} 34. Rxg4 {[%emt 0:00:01]} Rxh5 {[%emt 0:00:01]} 35. Rh4 {[%emt 0:00:00]} Rxh4 {[%emt 0:00:01]} 36. gxh4 {[%emt 0:00:00]} Kh6 {[%emt 0:00:00]} 37. Re3 {[%emt 0:00:01]} Kh5 {[%emt 0:00:00]} 38. Rg3 {[%emt 0:00:01]} d5 {[%emt 0:00:01]} 39. Rg6 {[%emt 0:00:01]} Kxh4 {[%emt 0:00:00]} 40. Rf6 {[%emt 0:00:01]} Kh5 {[%emt 0:00:00]} 41. Rf5+ {[%emt 0:00:01]} Kg6 {[%emt 0:00:01]} 42. Rf3 {[%emt 0:00:00]} Kg7 {[%emt 0:00:01]} 43. Rg3+ {[%emt 0:00:00]} Kf8 {[%emt 0:00:00]} 44. Rf3+ {[%emt 0:00:00]} Ke7 {[%emt 0:00:00]} 45. Re3+ {[%emt 0:00:00]} Kd8 {[%emt 0:00:00]} 46. Rd3 {[%emt 0:00:00]} Kc7 {[%emt 0:00:00]} 47. Rd4 {[%emt 0:00:01]} Kd8 {[%emt 0:00:00]} 48. f4 {[%emt 0:00:01]} Rd6 {[%emt 0:00:00]} 49. f5 {[%emt 0:00:00]} Rf6 {[%emt 0:00:00]} 50. g4 {[%emt 0:00:01]} Rxf5 {[%emt 0:00:00]} 51. gxf5 {[%emt 0:00:01]} Ke7 {[%emt 0:00:01]} 52. Rxd5 {[%emt 0:00:00] Time Time Time (Lag: Av=0.40s, max=0.9s) (Lag: Av=0.40s, max=0.9s) (Lag: Av=0.40s, max=0.9s)} 1-0